[Event "Cappelle op 27th"]
[Site "Cappelle la Grande"]
[Date "2011.02.28"]
[Round "4"]
[White "Le Pape, Valery"]
[Black "Limontaite, Simona"]
[Result "0-1"]
[WhiteElo "1985"]
[BlackElo "2198"]
[PlyCount "38"]
[EventDate "2011.02.26"]
[EventType "swiss"]
[EventRounds "9"]
[EventCountry "FRA"]
[SourceTitle "CBM 141 Extra"]
[Source "ChessBase"]
[SourceDate "2011.05.03"]
[SourceVersion "1"]
[SourceVersionDate "2011.05.03"]
[SourceQuality "1"]

1. d4 d5 2. c4 e6 3. Nc3 c6 4. Nf3 Nf6 5. Bg5 h6 6. Bh4 dxc4 7. e4 g5 8. Bg3 b5 9. e5 Nh5 10. a4 Bb4 11. Be2 Ng7 12. Nd2 Nf5 13. axb5 Qxd4 14. Qa4 a5 15. bxc6 Na6 16. Nde4 Qxe4 17. c7+ Bd7 18. Qxd7+ Kxd7 19. 0-0-0+ Qd3 0-1

[Event "Syre Memorial op 33th"]
[Site "Issy les Moulineaux"]
[Date "2010.05.15"]
[Round "3"]
[White "Le Pape, Valery"]
[Black "Bounya, Myriam"]
[Result "1-0"]
[WhiteElo "1997"]
[BlackElo "1812"]
[PlyCount "79"]
[EventDate "2010.05.13"]
[EventType "swiss"]
[EventRounds "6"]
[EventCountry "FRA"]
[SourceTitle "EXT 2011"]
[Source "ChessBase"]
[SourceDate "2010.11.26"]
[SourceVersion "1"]
[SourceVersionDate "2010.11.26"]
[SourceQuality "1"]

1. d4 Nf6 2. c4 c5 3. d5 b5 4. Nf3 g6 5. cxb5 a6 6. b6 d6 7. Nc3 Bg7 8. e4 Nbd7 9. a4 Nxb6 10. a5 Nbd7 11. Nd2 0-0 12. Be2 Bb7 13. Nc4 Ne8 14. 0-0 Nc7 15. Na4 Nb5 16. Nab6 Rb8 17. Nxd7 Qxd7 18. Nb6 Qc7 19. Rb1 e6 20. Bc4 Rfe8 21. Qd3 exd5 22. exd5 Qe7 23. Bd2 Qe4 24. b4 Qxd3 25. Bxd3 Nc3 26. Rb3 Nxd5 27. bxc5 dxc5 28. Nd7 Nb4 29. Bxb4 cxb4 30. Nxb8 Rxb8 31. Rxb4 Rd8 32. Rxb7 Rxd3 33. Rb6 Rd5 34. Rxa6 Bc3 35. Ra8+ Kg7 36. a6 Ra5 37. g3 Kf6 38. Rd1 Ke6 39. a7 Ke7 40. Rc8 1-0

[Event "FRA-chT2B 0506"]
[Site "France"]
[Date "2006.03.11"]
[Round "8.7"]
[White "Le Pape, Valery"]
[Black "Derieux, Christian"]
[Result "1-0"]
[WhiteElo "2033"]
[BlackElo "2135"]
[PlyCount "55"]
[EventDate "2005.10.27"]
[EventType "team-tourn"]
[EventRounds "11"]
[EventCountry "FRA"]
[SourceTitle "EXT 2006"]
[Source "ChessBase"]
[SourceDate "2005.11.24"]
[SourceVersion "1"]
[SourceVersionDate "2005.11.24"]
[SourceQuality "1"]
[WhiteTeam "Creteil  II"]
[BlackTeam "Lutece"]
[WhiteTeamCountry "FRA"]
[BlackTeamCountry "FRA"]

1. d4 Nf6 2. c4 c5 3. d5 e6 4. Nc3 exd5 5. cxd5 d6 6. Nf3 g6 7. Bf4 Bg7 8. Qa4+ Bd7 9. Qb3 b5 10. Bxd6 Qb6 11. Be5 0-0 12. e3 c4 13. Qd1 Na6 14. Be2 Rac8 15. a4 Nc5 16. axb5 Bxb5 17. Nxb5 Qxb5 18. Rxa7 Nd3+ 19. Bxd3 cxd3 20. 0-0 Nxd5 21. Bxg7 Kxg7 22. Nd4 Qb6 23. Ra3 Nb4 24. Rb3 Qd6 25. Qg4 Kh8 26. Nb5 Qe5 27. Qxb4 Rfd8 28. Nd4 1-0

[Event "FRA-chT2B 0506"]
[Site "France"]
[Date "2006.02.05"]
[Round "7.8"]
[White "Le Pape, Valery"]
[Black "Blery, Gilles"]
[Result "0-1"]
[WhiteElo "2033"]
[BlackElo "2116"]
[PlyCount "86"]
[EventDate "2005.10.27"]
[EventType "team-tourn"]
[EventRounds "11"]
[EventCountry "FRA"]
[SourceTitle "EXT 2006"]
[Source "ChessBase"]
[SourceDate "2005.11.24"]
[SourceVersion "1"]
[SourceVersionDate "2005.11.24"]
[SourceQuality "1"]
[WhiteTeam "Creteil  II"]
[BlackTeam "Rosny sous Bois"]
[WhiteTeamCountry "FRA"]
[BlackTeamCountry "FRA"]

1. d4 Nf6 2. c4 g6 3. Nc3 d5 4. cxd5 Nxd5 5. e4 Nxc3 6. bxc3 c5 7. Bb5+ Nd7 8. a4 Bg7 9. Nf3 0-0 10. 0-0 Nf6 11. Qd3 Qc7 12. Ba3 b6 13. a5 Bb7 14. Rfe1 Rac8 15. Ne5 Nh5 16. a6 Ba8 17. g3 Bxe5 18. dxe5 Qxe5 19. Rad1 Nf6 20. f4 Qc7 21. e5 Rfd8 22. Qe2 Nd5 23. Rd3 e6 24. Qc2 Qe7 25. Rdd1 Qf8 26. Bf1 Nc7 27. Qa4 Qe8 28. Qxe8+ Nxe8 29. Bb5 Nc7 30. c4 Bf3 31. Bd7 Bxd1 32. Bxc8 Bf3 33. Bb7 Rd1 34. Kf2 Rxe1 35. Kxe1 Bxb7 36. axb7 Na6 37. g4 Kf8 38. f5 Ke7 39. Bc1 Kd7 40. h4 Kc7 41. Ke2 Nb4 42. Bh6 a5 43. fxg6 fxg6 0-1

[Event "FRA-chT2B 0506"]
[Site "France"]
[Date "2006.01.14"]
[Round "5.7"]
[White "Le Pape, Valery"]
[Black "Mandon, Fabrice"]
[Result "0-1"]
[WhiteElo "2033"]
[BlackElo "2160"]
[PlyCount "56"]
[EventDate "2005.10.27"]
[EventType "team-tourn"]
[EventRounds "11"]
[EventCountry "FRA"]
[SourceTitle "EXT 2006"]
[Source "ChessBase"]
[SourceDate "2005.11.24"]
[SourceVersion "1"]
[SourceVersionDate "2005.11.24"]
[SourceQuality "1"]
[WhiteTeam "Creteil  II"]
[BlackTeam "Orcher La Tour II"]
[WhiteTeamCountry "FRA"]
[BlackTeamCountry "FRA"]

1. d4 Nf6 2. c4 c5 3. d5 e6 4. Nc3 exd5 5. cxd5 d6 6. e4 g6 7. f3 Bg7 8. Be3 0-0 9. Qd2 a6 10. a4 Nbd7 11. Nh3 Ne5 12. Nf2 Qa5 13. Ra3 Bd7 14. Be2 Qb4 15. 0-0 b5 16. f4 Nc4 17. Bxc4 bxc4 18. e5 Ng4 19. Nxg4 Bxg4 20. f5 Bxf5 21. Rxf5 gxf5 22. Bh6 Bxe5 23. Bxf8 Rxf8 24. Ra1 Rb8 25. Qg5+ Kh8 26. Rf1 Qxb2 27. Qxf5 Qxc3 28. Qxf7 Qe3+ 0-1

[Event "FRA-chT2B 0506"]
[Site "France"]
[Date "2005.12.04"]
[Round "4.9"]
[White "Barraud, Anne"]
[Black "Le Pape, Valery"]
[Result "0-1"]
[WhiteElo "1499"]
[BlackElo "2033"]
[PlyCount "44"]
[EventDate "2005.10.27"]
[EventType "team-tourn"]
[EventRounds "11"]
[EventCountry "FRA"]
[SourceTitle "EXT 2006"]
[Source "ChessBase"]
[SourceDate "2005.11.24"]
[SourceVersion "1"]
[SourceVersionDate "2005.11.24"]
[SourceQuality "1"]
[WhiteTeam "Bagneux"]
[BlackTeam "Creteil  II"]
[WhiteTeamCountry "FRA"]
[BlackTeamCountry "FRA"]

1. d4 Nf6 2. e4 Nxe4 3. f3 Nf6 4. Nc3 d5 5. Bb5+ c6 6. Ba4 g6 7. Nge2 Bg7 8. 0-0 0-0 9. Be3 Nbd7 10. a3 e5 11. b4 b5 12. Bb3 a5 13. Na2 a4 14. Bxa4 Rxa4 15. Qb1 Re8 16. Qb3 Nb6 17. Rfe1 Nc4 18. Nac3 Ra8 19. Kf2 Nxe3 20. Kxe3 exd4+ 21. Kxd4 Qb6+ 22. Kd3 Qe3# 0-1

[Event "Benidorm Bali op-A"]
[Site "Benidorm"]
[Date "2003.11.25"]
[Round "6"]
[White "Le Pape, Valery"]
[Black "Torres Samper, Rafael"]
[Result "0-1"]
[WhiteElo "2180"]
[BlackElo "2119"]
[PlyCount "60"]
[EventDate "2003.11.21"]
[EventType "swiss"]
[EventRounds "9"]
[EventCountry "ESP"]
[SourceTitle "CBM 097 Extra"]
[Source "ChessBase"]
[SourceDate "2004.01.13"]
[SourceVersion "1"]
[SourceVersionDate "2004.01.13"]
[SourceQuality "1"]

1. c4 f5 2. g3 Nf6 3. Bg2 e6 4. Nf3 Be7 5. 0-0 0-0 6. Nc3 d6 7. d3 c6 8. e4 e5 9. c5 h6 10. Qb3+ Kh7 11. exf5 d5 12. Nxe5 Bxc5 13. g4 Re8 14. Bf4 Nxg4 15. Nxg4 Qh4 16. Rae1 Rxe1 17. Rxe1 Qxg4 18. Bg3 Nd7 19. Nxd5 cxd5 20. Qxd5 Qd4 21. Qf7 Qf6 22. Qh5 Nb6 23. Bh4 Bxf2+ 24. Bxf2 Bxf5 25. Qxf5+ Qxf5 26. Be4 Qxe4 27. Rxe4 Nd5 28. Rd4 Rd8 29. Bh4 Rd7 30. Kg2 Ne3+ 0-1

[Event "Benidorm Bali op-A"]
[Site "Benidorm"]
[Date "2003.11.23"]
[Round "3"]
[White "Ruiz Marana, Alejandro"]
[Black "Le Pape, Valery"]
[Result "1-0"]
[WhiteElo "2089"]
[BlackElo "2180"]
[PlyCount "48"]
[EventDate "2003.11.21"]
[EventType "swiss"]
[EventRounds "9"]
[EventCountry "ESP"]
[SourceTitle "CBM 097 Extra"]
[Source "ChessBase"]
[SourceDate "2004.01.13"]
[SourceVersion "1"]
[SourceVersionDate "2004.01.13"]
[SourceQuality "1"]

1. e4 c5 2. Nc3 Nc6 3. g3 g6 4. Bg2 Bg7 5. d3 d6 6. Be3 e5 7. Qd2 Nge7 8. Bh6 0-0 9. h4 Bxh6 10. Qxh6 f6 11. Qd2 Nd4 12. 0-0-0 b5 13. Nge2 b4 14. Nd5 Nxd5 15. exd5 Bg4 16. Nxd4 exd4 17. Rde1 Re8 18. Qf4 Rxe1+ 19. Rxe1 Qd7 20. f3 Re8 21. Rh1 Re2 22. Bf1 Re1+ 23. Kd2 Qe7 24. fxg4 Kg7 1-0

[Event "Benidorm Bali op-A"]
[Site "Benidorm"]
[Date "2003.11.21"]
[Round "1"]
[White "Forno, Roberto"]
[Black "Le Pape, Valery"]
[Result "0-1"]
[WhiteElo "2046"]
[BlackElo "2180"]
[PlyCount "52"]
[EventDate "2003.11.21"]
[EventType "swiss"]
[EventRounds "9"]
[EventCountry "ESP"]
[SourceTitle "CBM 097 Extra"]
[Source "ChessBase"]
[SourceDate "2004.01.13"]
[SourceVersion "1"]
[SourceVersionDate "2004.01.13"]
[SourceQuality "1"]

1. d4 Nf6 2. Nf3 g6 3. c4 Bg7 4. Nc3 0-0 5. Bg5 h6 6. Bh4 c5 7. e3 d6 8. Bd3 Bg4 9. h3 Bxf3 10. Qxf3 cxd4 11. exd4 Qb6 12. 0-0-0 Nc6 13. d5 Ne5 14. Qe2 Nxd3+ 15. Rxd3 Qb4 16. Re3 Rac8 17. b3 b5 18. Rd1 bxc4 19. Rd4 Nxd5 20. Nxd5 cxb3+ 21. Kb1 bxa2+ 22. Kxa2 Qxd4 23. Nxe7+ Kh7 24. Nxc8 Rxc8 25. Re4 Qa1+ 26. Kb3 Rc3+ 0-1

[Event "Saint Quentin op 5th"]
[Site "Saint Quentin"]
[Date "2002.04.??"]
[Round "1"]
[White "Le Pape, Valery"]
[Black "Durez, Gerard"]
[Result "1-0"]
[WhiteElo "1980"]
[BlackElo "1460"]
[PlyCount "63"]
[EventDate "2002.04.21"]
[EventType "swiss"]
[EventRounds "9"]
[EventCountry "FRA"]
[SourceTitle "CBM 088 Extra"]
[Source "ChessBase"]
[SourceDate "2002.07.01"]
[SourceVersion "2"]
[SourceVersionDate "2002.07.01"]
[SourceQuality "1"]

1. c4 f5 2. g3 e6 3. Bg2 Nf6 4. Nf3 Be7 5. 0-0 0-0 6. d3 c6 7. Nc3 Qc7 8. e4 Ne8 9. e5 b6 10. d4 d5 11. cxd5 cxd5 12. h4 Ba6 13. Re1 Nc6 14. a3 b5 15. Bg5 Bxg5 16. Nxg5 Qe7 17. Nxd5 exd5 18. Bxd5+ Kh8 19. Bxc6 Rd8 20. d5 Bc8 21. d6 Nxd6 22. exd6 Qf6 23. Qh5 Qg6 24. Qxg6 hxg6 25. Ne6 Bxe6 26. Rxe6 Kh7 27. d7 Rf7 28. Rd1 Rf6 29. Rxf6 gxf6 30. Re1 Rxd7 31. Bxd7 Kh6 32. Bxb5 1-0

[Event "Saint Quentin op 5th"]
[Site "Saint Quentin"]
[Date "2002.??.??"]
[Round "3"]
[White "Le Pape, Valery"]
[Black "Evtouchenko Boulongne, Nina"]
[Result "0-1"]
[WhiteElo "1980"]
[BlackElo "1700"]
[PlyCount "94"]
[EventDate "2002.04.21"]
[EventType "swiss"]
[EventRounds "9"]
[EventCountry "FRA"]
[SourceTitle "CBM 088 Extra"]
[Source "ChessBase"]
[SourceDate "2002.07.01"]
[SourceVersion "2"]
[SourceVersionDate "2002.07.01"]
[SourceQuality "1"]

1. c4 e5 2. g3 Nc6 3. Bg2 d6 4. Nc3 g6 5. d3 Bg7 6. e4 Nh6 7. Nge2 0-0 8. 0-0 f5 9. f3 Be6 10. Be3 Qd7 11. Qd2 Nf7 12. exf5 Bxf5 13. d4 exd4 14. Nxd4 Bh3 15. Bxh3 Qxh3 16. Nd5 Rae8 17. Nxc6 bxc6 18. Nf4 Qf5 19. Nd3 c5 20. Kg2 Ne5 21. Nxe5 Qxe5 22. Bf4 Qxb2 23. Qxb2 Bxb2 24. Rab1 Bd4 25. Rfe1 Rb8 26. Kh3 a5 27. Bh6 Rxb1 28. Rxb1 Rc8 29. Rb5 Bc3 30. Rb3 Bb4 31. a3 a4 32. Rb1 Ba5 33. Rb5 Bb6 34. Bf4 Rb8 35. Kg4 Kg7 36. Bd2 c6 37. Rb1 h5+ 38. Kh3 Bc7 39. Re1 Kf7 40. Bg5 Re8 41. Rb1 Rb8 42. Re1 Bd8 43. Bf4 Be7 44. Rd1 Ke6 45. Re1+ Kd7 46. Bc1 Rb3 47. f4 Rc3 0-1

[Event "Saint Quentin op 5th"]
[Site "Saint Quentin"]
[Date "2002.??.??"]
[Round "5"]
[White "Le Pape, Valery"]
[Black "Jany, Olivier"]
[Result "1-0"]
[WhiteElo "1980"]
[BlackElo "1800"]
[PlyCount "101"]
[EventDate "2002.04.21"]
[EventType "swiss"]
[EventRounds "9"]
[EventCountry "FRA"]
[SourceTitle "CBM 088 Extra"]
[Source "ChessBase"]
[SourceDate "2002.07.01"]
[SourceVersion "2"]
[SourceVersionDate "2002.07.01"]
[SourceQuality "1"]

1. c4 Nf6 2. g3 d6 3. Bg2 g6 4. Nc3 Bg7 5. d3 0-0 6. e3 Nbd7 7. Nge2 e5 8. 0-0 c6 9. Rb1 a5 10. a3 Ne8 11. b4 axb4 12. axb4 f5 13. b5 c5 14. f4 Nef6 15. Bb2 Qe7 16. Qd2 Nb6 17. e4 Rd8 18. Nd5 Nbxd5 19. cxd5 exf4 20. Nxf4 fxe4 21. dxe4 Ng4 22. Bxg7 Kxg7 23. Ra1 Rxa1 24. Rxa1 Ne5 25. Ra7 g5 26. Ne6+ Bxe6 27. dxe6 Kg6 28. Qd5 Rb8 29. Bh3 g4 30. Bg2 Qc7 31. Qa2 Qe7 32. h4 h5 33. b6 Qg7 34. Qd5 Qe7 35. Qa2 Qg7 36. Qd5 Qe7 37. Qd2 Qf6 38. Qd5 Qe7 39. Kh1 Qg7 40. Kg1 Qe7 41. Qd2 Qe8 42. Ra1 Qe7 43. Rf1 Qxe6 44. Qg5+ Kh7 45. Rf6 Qxf6 46. Qxf6 c4 47. Qe7+ Kg8 48. Qxd6 Re8 49. Qd5+ Kh8 50. Qd4 Kg7 51. Kf1 1-0